Formula 1 - Statistics

General Stats
  • This quiz has been taken 20 times
  • The average score is 8 of 10
Answer Stats
Name Answer % Correct
Lewis Hamilton UK,London,Mercedes
100%
Pierre Gasly France,Paris,Alpine
89%
Nico Hulkenburg Germany,Berlin,Haas
89%
Yuki Tsnonoda Japan,Tokyo,RB
89%
Charles Leclerc Monaco,Monaco,Ferrari
89%
Feranando Alonso Spain,Madrid,Aston Martin
89%
Sergio Perez Mexico,Mexico city,Red Bull
83%
Max Verstappen Netherlands,Amsterdam,Red Bull
83%
Valtteri Bottas Finland,Helsinki,Sauber
67%
Kevin Magnussen Denmark,Copenhagen,Haas
61%
No matching quizzes found
Score Distribution
Percent of People with Each Score
Percentile by Number Answered
Your Score History
You have not taken this quiz